000 00758nam a2200289 a 4500
003 AR-BaBNM
005 20251128204117.0
008 082120s2002 ||||||||||||||000 | spa||
040 _cAR-BaBNM
100 1 _aMoravia, Alberto
245 0 0 _aLa romana
250 _a11ª ed.
260 _aBuenos Aires
_bLosada
_c1976
300 _a362 p.
490 0 _aBiblioteca clásica y contemporánea
_vv. 328
500 _aAlberto Moravia es el seudónimo de Alberto Pincherle
650 4 _aLITERATURA ITALIANA
650 4 _aNOVELAS
650 4 _aLITERATURA CONTEMPORANEA
650 4 _aREALISMO
653 _aNARRATIVA
653 _aCRITICA SOCIAL
655 _aLITERATURA
700 1 _aAyala, Francisco
_etraductor
942 _cBK
998 _cMARTIN
999 _c6212
_d6212